Statistics for Brantley Gilbert Charting Songs (Billboard Hot 100)

Click here to take the quiz!

General Stats

  • This quiz has been taken 14 times
    (8 since last reset)
  • The average score is 5 of 12

Answer Stats

AlbumWeeks OnPeakArtist(s)Song% Correct
Just As I Am25 Weeks#20Brantley GilbertBottoms Up
80%
The Devil Don't Sleep20 Weeks#64Brantley GilbertThe Weekend
80%
Just As I Am18 Weeks#44Brantley GilbertOne Hell of an Amen
60%
Fire & Brimstone14 Weeks#53Brantley Gilbert & Lindsay EllWhat Happens in a Small Town
60%
Non-Album Single1 Week#66Five Finger Death Punch, Kenny Wayne Shepherd, Brantley Gilbert & Brian MayBlue on Black
60%
Just As I Am20 Weeks#67Brantley Gilbert ft. Justin Moore & Thomas RhettSmall Town Throwdown
60%
Non-Album Single1 Week#95Brantley GilbertHard Days
40%
Halfway to Heaven24 Weeks#49Brantley GilbertYou Don't Know Her Like I Do
20%
Halfway to Heaven21 Weeks#50Brantley GilbertCountry Must Be Country Wide
20%
Halfway to Heaven19 Weeks#73Brantley GilbertMore Than Miles
20%
Just As I Am1 Week#87Brantley GilbertMy Baby's Guns N' Roses
20%
Just As I Am1 Week#90Brantley Gilbert17 Again
20%

Score Distribution

Percentile by Number Answered

Percent of People with Each Score

Your Score History

You have not taken this quiz since the last reset